[Event "Challenge"]
[Site "http://www.queenalice.com/game.php?id=257923"]
[Date "2007.8.19"]
[Round "-"]
[White "maxpeigne"]
[Black "berguette"]
[Result "1-0"]
[WhiteElo "1658"]
[BlackElo "1344"]

1. e4 Nf6 2. e5 Ne4 3. Bd3 d5 4. Nf3 Nc6 5. O-O Nb4 6. Bxe4 dxe4 7. Ng5 Qd7 8.
Re1 Qd5 9. Rxe4 b5 10. Nc3 Qc5 11. d4 Qb6 12. Be3 f5 13. Rf4 g6 14. d5 Qb7 15.
a3 h6 16. Ne6 g5 17. Rxf5 c6 18. dxc6 Qxc6 19. Qd8# 1-0

[Event "Challenge"]
[Site "http://www.queenalice.com/game.php?id=260435"]
[Date "2007.8.24"]
[Round "-"]
[White "kfe"]
[Black "maxpeigne"]
[Result "0-1"]
[WhiteElo "1576"]
[BlackElo "1669"]

1. e4 e5 2. d3 Nf6 3. Nc3 Bb4 4. a3 Bxc3+ 5. bxc3 O-O 6. Bg5 d6 7. Be2 h6 8. Bh4
c6 9. Bh5 d5 10. Qf3 Qd6 11. Qe2 Nbd7 12. Rd1 Qxa3 13. Nf3 Nxh5 14. exd5 Qxc3+
15. Kf1 cxd5 16. Rb1 b6 17. Qd1 Ba6 18. Ne1 Nc5 19. Qxh5 Nxd3 20. cxd3 Bxd3+ 21.
Kg1 Bxb1 22. f3 Rac8 23. h3 Qd2 24. Qxe5 Rfe8 25. Be7 Rc1 26. Kh2 d4 27. Qd6
Rxe1 28. Bh4 Rxh1+ 29. Kxh1 d3 30. Qg3 Qe2 31. Qg4 d2 32. Bf6 g6 33. Kh2 d1=Q
34. Qh4 Qdf1 35. Kg3 Qexg2+ 36. Kf4 Qfxf3# 0-1

[Event "Challenge"]
[Site "http://www.queenalice.com/game.php?id=260436"]
[Date "2007.8.24"]
[Round "-"]
[White "maxpeigne"]
[Black "kfe"]
[Result "0-1"]
[WhiteElo "1674"]
[BlackElo "1571"]

1. e4 e5 2. Nf3 d6 3. Bc4 Nd7 4. O-O Qf6 5. Nc3 Qg6 6. Nd5 Kd8 7. Re1 Nc5 8. d4
Bh3 9. g3 Nxe4 10. dxe5 Qf5 11. Nd4 Qxf2+ 12. Kh1 Bg2# 0-1

[Event "Challenge"]
[Site "http://www.queenalice.com/game.php?id=262076"]
[Date "2007.8.27"]
[Round "-"]
[White "berguette"]
[Black "maxpeigne"]
[Result "0-1"]
[WhiteElo "1292"]
[BlackElo "1711"]

1. e4 e5 2. Nf3 Nc6 3. h4 Nf6 4. Ng5 Be7 5. Nc3 O-O 6. h5 d5 7. exd5 Nxd5 8. Bd3
Bxg5 9. O-O h6 10. Re1 Re8 11. Bc4 Qf6 12. Nxd5 Qd6 13. d3 Qd8 14. a4 Be6 15.
Ne3 Bxe3 16. Rxe3 Bxc4 17. Qg4 Nd4 18. Rg3 Qf6 19. b3 Be6 20. Qe4 Nxc2 21. Rb1
Nd4 22. Bd2 Bf5 23. Qxb7 Ne2+ 24. Kh2 Nxg3 25. Kxg3 Qd6 26. Qf3 e4+ 27. Qf4
Qxf4+ 28. Kxf4 Bd7 29. Rc1 Rac8 30. dxe4 Re6 31. g4 Rf6+ 32. Kg3 c6 33. Kh4 Rxf2
34. Be3 Rb2 35. Rc3 Rb8 36. g5 R2xb3 37. Bd2 Rxc3 38. Bxc3 hxg5+ 39. Kxg5 Rb3
40. Be1 Re3 41. Bd2 Rxe4 42. h6 Re5+ 43. Kf4 Rf5+ 44. Ke3 gxh6 45. a5 h5 46. Be1
c5 47. Kd3 Bb5+ 48. Ke4 Bd7 49. a6 Rf6 50. Bf2 Rxf2 51. Kd5 h4 52. Kxc5 Rb2 53.
Kc4 h3 54. Kd5 h2 55. Kd6 h1=Q 56. Kxd7 Rb6 57. Kc7 Qc6+ 58. Kd8 Qd6+ 59. Kc8
Rxa6 60. Kb7 Qc6+ 61. Kb8 Qd7 62. Ka8 Re6 63. Kb8 Re8# 0-1

[Event "AUTO-OPEN-591"]
[Site "http://www.queenalice.com/game.php?id=266947"]
[Date "2007.9.4"]
[Round "2"]
[White "maxpeigne"]
[Black "JPSD"]
[Result "1-0"]
[WhiteElo "1721"]
[BlackElo "1581"]

1. e4 e6 2. d4 d5 3. exd5 exd5 4. Nf3 Bg4 5. Be2 Bb4+ 6. Bd2 Nc6 7. O-O Nce7 8.
Bxb4 Nf5 9. Re1 Nge7 10. Bxe7 Nxe7 11. h3 Bf5 12. Ng5 c6 13. Bd3 h6 14. Bxf5
hxg5 15. Nd2 Kf8 16. Bd3 g6 17. Nf3 Ng8 18. Qd2 Rh5 19. g4 Rh6 20. Nxg5 Qd6 21.
c4 Nf6 22. Ne6+ fxe6 23. Qxh6+ Ke7 24. Qg7+ Kd8 25. Qxf6+ Kc7 26. Rxe6 Qb4 27.
b3 Rd8 28. Qe5+ Kc8 29. Re7 Qxe7 30. Qxe7 dxc4 31. Bxc4 1-0

[Event "AUTO-OPEN-591"]
[Site "http://www.queenalice.com/game.php?id=266948"]
[Date "2007.9.4"]
[Round "2"]
[White "JPSD"]
[Black "maxpeigne"]
[Result "1-0"]
[WhiteElo "1556"]
[BlackElo "1719"]

1. d3 e5 2. e4 Nf6 3. Nc3 Bb4 4. Bd2 O-O 5. Qf3 Nc6 6. Be2 Nd4 7. Qh3 Nxc2+ 8.
Kf1 Nxa1 9. Nf3 Bxc3 10. Bxc3 d6 11. Qh4 Be6 12. Ng5 h6 13. Nxe6 fxe6 14. d4
exd4 15. Bxd4 Nxe4 16. Qxe4 e5 17. Bc4+ Kh8 18. Bd3 g6 19. Qxg6 Qd7 20. Qxh6+
Kg8 21. Bc4+ d5 22. Bxe5 dxc4 23. Qg6+ 1-0

[Event "AUTO-INT-619"]
[Site "http://www.queenalice.com/game.php?id=272849"]
[Date "2007.9.17"]
[Round "1"]
[White "maxpeigne"]
[Black "tijolo_"]
[Result "1-0"]
[WhiteElo "1696"]
[BlackElo "1466"]

1. e4 b6 2. Nf3 Bb7 3. Nc3 d6 4. Bc4 e6 5. O-O Nc6 6. d4 d5 7. exd5 exd5 8. Nxd5
Qd6 9. Re1+ Nge7 10. Bg5 Bc8 11. Nxe7 Nxe7 12. Bb5+ c6 13. Ba4 h6 14. Bh4 g5 15.
Bg3 h5 16. Bxd6 g4 17. Bxe7 Rg8 18. Bxc6+ Bd7 19. Bxd7+ Kxd7 20. Bxf8 gxf3 21.
Re7+ Kd6 22. Rxa7+ Rgxf8 23. Rxa8 Rxa8 24. Qxf3 Rd8 25. Qf6+ Kc7 26. Qe5+ Kd7
27. Qf5+ Ke8 28. Re1+ Kf8 29. Qf6 Rd7 30. Qh6+ Kg8 31. Re8# 1-0

[Event "AUTO-INT-619"]
[Site "http://www.queenalice.com/game.php?id=272850"]
[Date "2007.9.17"]
[Round "1"]
[White "tijolo_"]
[Black "maxpeigne"]
[Result "0-1"]
[WhiteElo "1421"]
[BlackElo "1731"]

1. g3 e5 2. Bg2 Nf6 3. Nf3 Nc6 4. O-O Bc5 5. e3 O-O 6. d4 exd4 7. exd4 Bb6 8.
Bg5 d6 9. d5 Ne7 10. Nbd2 h6 11. Bf4 Nexd5 12. c4 Nxf4 13. Qc2 Nxg2 14. Kxg2 Ng4
15. Ne4 Bf5 16. Rfd1 Bxe4 17. Qxe4 Nxf2 18. Rd5 Nxe4 19. a4 c6 20. Rd4 Bxd4 21.
Nxd4 Qf6 22. Rf1 Qxd4 23. Rf4 Qxb2+ 24. Kf3 Ng5+ 25. Kg4 Qe2+ 26. Kf5 Rfe8 0-1

[Event "AUTO-INT-619"]
[Site "http://www.queenalice.com/game.php?id=272851"]
[Date "2007.9.17"]
[Round "1"]
[White "maxpeigne"]
[Black "Milton"]
[Result "1-0"]
[WhiteElo "1713"]
[BlackElo "1512"]

1. e4 e5 2. Nf3 Nc6 3. Bb5 Bc5 4. O-O d6 5. Re1 Nf6 6. c3 Bg4 7. d4 a6 8. Ba4
exd4 9. cxd4 Bb4 10. Nc3 O-O 11. Qd3 d5 12. Bg5 dxe4 13. Rxe4 Bxf3 14. Qxf3 Nxe4
15. Nxe4 Qxd4 16. Rd1 Qxb2 17. Qg4 Ne5 18. Nf6+ Kh8 19. Qh5 h6 20. Bxh6 Rfd8 21.
Bf4# 1-0

[Event "AUTO-INT-619"]
[Site "http://www.queenalice.com/game.php?id=272853"]
[Date "2007.9.17"]
[Round "1"]
[White "maxpeigne"]
[Black "silverado"]
[Result "0-1"]
[WhiteElo "1735"]
[BlackElo "1527"]

1. e4 e5 2. Nf3 Nc6 3. Bb5 f6 4. O-O Nge7 5. Re1 Na5 6. c3 c6 7. Ba4 b5 8. Bb3
Ba6 9. d4 Qc7 10. dxe5 fxe5 11. Nbd2 Ng6 12. Nf1 O-O-O 13. Ne3 Bc5 14. a3 Nf4
15. Nf5 d6 16. Bxf4 exf4 0-1

[Event "AUTO-INT-619"]
[Site "http://www.queenalice.com/game.php?id=272854"]
[Date "2007.9.17"]
[Round "1"]
[White "silverado"]
[Black "maxpeigne"]
[Result "1-0"]
[WhiteElo "1717"]
[BlackElo "1691"]

1. e4 e5 2. d4 exd4 3. Qxd4 Nc6 4. Qc3 d6 5. a3 Nf6 6. f3 Be7 7. Bb5 Bd7 8. Bxc6
Bxc6 9. Nh3 O-O 10. Nf4 Qd7 11. O-O d5 12. e5 Ne8 13. Be3 g6 14. Qd4 Ng7 15. Nc3
Nf5 16. Qd3 Nxe3 17. Qxe3 d4 18. Qd3 f6 19. Nxg6 hxg6 20. Qxg6+ Kh8 21. Rad1
fxe5 22. Rfe1 Bxf3 23. Rd3 Bc5 24. Rxe5 dxc3+ 25. Rxc5 Qg7 26. Qxg7+ Kxg7 27.
bxc3 Be4 28. Rg3+ Bg6 29. Rxc7+ Rf7 30. Rc4 Re8 31. h4 Kh6 32. Rg5 Rf5 33. Rcg4
Rg8 34. Rxf5 Kh7 35. Rfg5 Kh6 36. Rd4 1-0

[Event "KOQA CUP "]
[Site "http://www.queenalice.com/game.php?id=278851"]
[Date "2007.9.29"]
[Round "1"]
[White "maxpeigne"]
[Black "Jerrylaine"]
[Result "0-1"]
[WhiteElo "1721"]
[BlackElo "2010"]

1. e4 e5 2. Nf3 d6 3. Bb5+ c6 4. Ba4 Nf6 5. d3 Be7 6. O-O O-O 7. Re1 Bg4 8. Nbd2
Nbd7 9. Nf1 Bxf3 10. Qxf3 Qa5 11. Bb3 Qxe1 0-1

[Event "AUTO-OPEN-591"]
[Site "http://www.queenalice.com/game.php?id=287348"]
[Date "2007.10.16"]
[Round "3"]
[White "JeanBart"]
[Black "maxpeigne"]
[Result "1-0"]
[WhiteElo "2083"]
[BlackElo "1693"]

1. e4 e5 2. Nf3 Nc6 3. Bb5 a6 4. Ba4 Nf6 5. O-O Be7 6. Bxc6 dxc6 7. Nxe5 Qd4 8.
Nf3 Qxe4 9. Re1 Qd5 10. Nc3 Qd8 11. Qe2 Bg4 12. d3 Bxf3 13. Qxf3 O-O 14. Bg5 Qd7
15. Ne4 Rfe8 16. Nxf6+ Bxf6 17. Bxf6 gxf6 18. Qxf6 Re6 19. Rxe6 Qxe6 20. Qxe6
1-0

[Event "AUTO-OPEN-591"]
[Site "http://www.queenalice.com/game.php?id=287349"]
[Date "2007.10.16"]
[Round "3"]
[White "maxpeigne"]
[Black "JeanBart"]
[Result "0-1"]
[WhiteElo "1682"]
[BlackElo "2061"]

1. e4 e6 2. d4 d5 3. exd5 exd5 4. Nf3 Nf6 5. Be2 Bd6 6. O-O O-O 7. Bg5 Nbd7 8.
Nc3 c6 9. Bd3 h6 10. Bh4 Qc7 11. Re1 Re8 12. Bxf6 Rxe1+ 13. Qxe1 Nxf6 14. Ne2
Bg4 15. Ne5 Bxe5 16. dxe5 Qxe5 17. Qc3 Re8 18. Ng3 Qxc3 19. bxc3 Nh5 20. Nxh5
Bxh5 21. Kf1 b6 22. h3 Kf8 23. g4 Bg6 24. h4 Be4 25. Bxe4 Rxe4 26. f3 Rc4 0-1

[Event "AUTO-OPEN-591"]
[Site "http://www.queenalice.com/game.php?id=287350"]
[Date "2007.10.16"]
[Round "3"]
[White "JPSD"]
[Black "maxpeigne"]
[Result "1-0"]
[WhiteElo "1602"]
[BlackElo "1680"]

1. e4 e5 2. d4 exd4 3. Qxd4 Nc6 4. Qd1 Nf6 5. Bd3 Bc5 6. Bg5 d6 7. Nd2 O-O 8. f3
Bd4 9. c3 Bxg1 10. Rxg1 h6 11. Bxf6 Qxf6 12. Qc2 Re8 13. O-O-O Be6 14. a3 a6 15.
g3 Na5 16. h4 c6 17. g4 Qf4 18. Kb1 Rad8 19. b4 Nb3 20. g5 1-0

[Event "AUTO-OPEN-591"]
[Site "http://www.queenalice.com/game.php?id=287351"]
[Date "2007.10.16"]
[Round "3"]
[White "maxpeigne"]
[Black "JPSD"]
[Result "0-1"]
[WhiteElo "1661"]
[BlackElo "1621"]

1. e4 d5 2. exd5 Qxd5 3. Nc3 Qd8 4. Nf3 c6 5. Bc4 Bg4 6. O-O Nd7 7. d4 Bxf3 8.
Qxf3 e6 9. Re1 Qf6 10. Qf4 Qxf4 11. Bxf4 b5 12. Bb3 O-O-O 13. a3 c5 14. Nxb5
cxd4 15. Nxa7+ Kb7 16. Nb5 Bc5 17. Bd6 h5 18. Bf4 Kb6 19. Bc7+ Kxb5 20. Bxd8 h4
21. h3 Ngf6 22. c4+ Ka6 23. Bc7 g5 0-1

[Event "Challenge"]
[Site "http://www.queenalice.com/game.php?id=291780"]
[Date "2007.10.23"]
[Round "-"]
[White "maxpeigne"]
[Black "berguette"]
[Result "1-0"]
[WhiteElo "1678"]
[BlackElo "1369"]

1. e4 Nf6 2. e5 Ne4 3. f3 Ng5 4. d4 e6 5. h4 Bb4+ 6. Nc3 Nc6 7. Bxg5 Ne7 8. Bd3
O-O 9. Qd2 d6 10. O-O-O dxe5 11. dxe5 h6 12. Bxe7 Qxe7 13. Nge2 a5 14. a3 Bc5
15. g4 f6 16. exf6 Qxf6 17. Rhf1 Rb8 18. f4 Qxh4 19. f5 Re8 20. fxe6 Bxe6 21.
Bf5 b5 22. Rh1 Qf2 23. Rhf1 Qg2 24. Bxe6+ Rxe6 25. Qd7 Rbe8 26. Rf7 b4 27. Rxg7+
Kf8 28. Qf7# 1-0